000
00307nam a2200121Ia 4500
005
20251028132339.0
008
251020t2011||||xx |||||||||||||| ||spa||
041
_a
spa
100
_a
Ramírez Huaroto, Beatriz
245
0
_a
Los lentes de género en la justicia internacional
260
_c
2011
942
_C
LB
_c
LB
999
_c
760
_d
760